000 00534nam a2200133Ia 4500
008 100328s9999 xx 000 0 und d
082 _b11409
100 _aदेशमुख चिंतामण द्वारकानाथ
245 _aमहाकवि कालिदासाचे मेघदूत
260 _bप्रज्ञा
630 _aमहाकवि कालिदासाचे मेघदूत
730 _aमहाकवि कालिदासाचे मेघदूत
942 _cBOOK
999 _c506734
_d506731